Quantum Monte Carlo Programming : for Atoms, Molecules, Clusters, and Solids /

Na minha lista:
Detalhes bibliográficos
Main Authors: Schattke, Wolfgang (Author), Muiño, Ricardo Díez (Author)
Formato: Livro
Idioma:inglês
Publicado em: Weinheim Wiley 2013
Edição:1. vyd.
Assuntos:
Tags: Adicionar Tag
Sem tags, seja o primeiro a adicionar uma tag!

MARC

LEADER 00000nam a22000003a 4500
001 0077531
003 SK-STU
005 20191114121546.2
007 ta
008 191114s ----xo-----e------000-0-----d
020 |a 978-3-527-40851-1 
040 |a STU  |b slo 
041 0 |a eng 
044 |a gw 
100 1 |a Schattke, Wolfgang  |4 aut 
245 1 0 |a Quantum Monte Carlo Programming :  |b for Atoms, Molecules, Clusters, and Solids /  |c aut. Wolfgang Schattke, Ricardo Díez Muiño 
250 |a 1. vyd. 
260 |a Weinheim  |b Wiley  |c 2013 
300 |a 279 s. 
650 0 7 |a kvantové programovanie 
650 0 7 |a Monte Carlo 
700 1 |a Muiño, Ricardo Díez  |4 aut 
996 |b 284M088235  |c M* 14258-1  |l MMKN  |s A  |a 24  |w 0077531_0001